[Event "European Online Club-ch-H 2021"]
[Site "Online"]
[Date "2021.03.27"]
[Round "9.8"]
[White "Ahn, Martin"]
[Black "Carstensen, Jacob"]
[Result "0-1"]
[WhiteElo "2171"]
[BlackElo "2361"]
[Annotator "NA"]
[PlyCount "108"]
[EventDate "2021.03.27"]
[EventType "team-tourn"]
[EventCountry "NET"]
[SourceTitle "playchess.com"]
[Source "ChessBase"]
[SourceQuality "1"]
[TimeControl "900+5"]

1. e4 {[%emt 0:00:00]} c5 {[%emt 0:00:04]} 2. Nf3 {[%emt 0:00:03]} d6 {[%emt 0:00:01]} 3. d4 {[%emt 0:00:08]} Nf6 {[%emt 0:00:01]} 4. Nc3 {[%emt 0:00:03]} cxd4 {[%emt 0:00:01]} 5. Qxd4 {[%emt 0:00:01]} a6 {[%emt 0:00:00]} 6. e5 {[%emt 0:00:12]} Nc6 {[%emt 0:00:02]} 7. Qa4 {[%emt 0:00:02]} dxe5 {[%emt 0:01:04]} 8. Nxe5 {[%emt 0:00:03]} Bd7 {[%emt 0:00:01]} 9. Nxd7 {[%emt 0:00:04]} Nxd7 {[%emt 0:00:03]} 10. Be3 {[%emt 0:00:43]} e6 {[%emt 0:00:04]} 11. O-O-O {[%emt 0:00:26]} Be7 {[%emt 0:00:16]} 12. Qg4 {[%emt 0:01:19]} h5 {[%emt 0:00:24]} 13. Qg3 {[%emt 0:01:27]} Qa5 {[%emt 0:00:23]} 14. Bc4 {[%emt 0:00:35]} h4 {[%emt 0:00:56]} 15. Qf4 {[%emt 0:01:05]} g5 {[%emt 0:00:29]} 16. Qf3 {[%emt 0:01:58]} Nde5 {[%emt 0:01:55]} 17. Qe2 {[%emt 0:00:02]} Nxc4 {[%emt 0:02:09]} 18. Qxc4 {[%emt 0:00:02]} Rc8 {[%emt 0:00:01]} 19. Kb1 {[%emt 0:00:38]} O-O {[%emt 0:00:25]} 20. Bd2 {[%emt 0:04:56]} Ne5 {[%emt 0:01:09]} 21. Qb3 {[%emt 0:01:02]} Nc4 {[%emt 0:00:05]} 22. Ne4 {[%emt 0:00:26]} Qf5 {[%emt 0:00:25]} 23. Rhe1 {[%emt 0:00:20]} Rfd8 {[%emt 0:01:49]} 24. f3 {[%emt 0:00:02]} b5 {[%emt 0:00:22]} 25. Bc3 {[%emt 0:00:07]} Ne3 {[%emt 0:00:10]} 26. Rxd8+ {[%emt 0:00:31]} Rxd8 {[%emt 0:00:04]} 27. Ba5 {[%emt 0:00:22]} Nxg2 {[%emt 0:00:21]} 28. Bxd8 {[%emt 0:00:03]} Nxe1 {[%emt 0:00:01]} 29. Bxe7 {[%emt 0:00:02]} Nxf3 {[%emt 0:00:02]} 30. Nf6+ {[%emt 0:00:09]} Kg7 {[%emt 0:00:11]} 31. Qc3 {[%emt 0:00:04]} Nxh2 {[%emt 0:00:54]} 32. a3 {[%emt 0:00:27]} Kg6 {[%emt 0:00:16]} 33. Qc8 {[%emt 0:00:04]} Qf1+ {[%emt 0:00:03]} 34. Ka2 {[%emt 0:00:04]} Qc4+ {[%emt 0:00:00]} 35. Qxc4 {[%emt 0:00:01]} bxc4 {[%emt 0:00:00]} 36. b4 {[%emt 0:00:14]} cxb3+ {[%emt 0:00:03]} 37. cxb3 {[%emt 0:00:03]} h3 {[%emt 0:00:00]} 38. Ne4 {[%emt 0:00:08]} g4 {[%emt 0:00:03]} 39. Bd6 {[%emt 0:00:03]} Nf1 {[%emt 0:00:10]} 40. b4 {[%emt 0:00:11]} f5 {[%emt 0:00:04]} 41. Nf2 {[%emt 0:00:06]} h2 {[%emt 0:00:03]} 42. Nh1 {[%emt 0:00:01]} Kf6 {[%emt 0:00:08]} 43. a4 {[%emt 0:00:05]} e5 {[%emt 0:00:03]} 44. b5 {[%emt 0:00:02]} axb5 {[%emt 0:00:14]} 45. axb5 {[%emt 0:00:14]} g3 {[%emt 0:00:06]} 46. b6 {[%emt 0:00:04]} g2 {[%emt 0:00:02]} 47. b7 {[%emt 0:00:02]} gxh1=Q {[%emt 0:00:07]} 48. b8=Q {[%emt 0:00:02]} Qd5+ {[%emt 0:00:02]} 49. Ka3 {[%emt 0:00:04]} h1=Q {[%emt 0:00:13]} 50. Qd8+ {[%emt 0:00:08]} Kg6 {[%emt 0:00:03]} 51. Qe8+ {[%emt 0:00:07]} Qf7 {[%emt 0:00:08]} 52. Qxe5 {[%emt 0:00:02]} Qf3+ {[%emt 0:00:04]} 53. Kb4 {[%emt 0:00:02]} Q3b3+ {[%emt 0:00:04]} 54. Kc5 {[%emt 0:00:03]} Qfc4# {[%emt 0:00:03]} 0-1

[Event "European Online Club-ch-H 2021"]
[Site "Online"]
[Date "2021.03.27"]
[Round "9.9"]
[White "Kazakov, Mikhail"]
[Black "Mamedov, Rauf"]
[Result "0-1"]
[WhiteElo "2516"]
[BlackElo "2654"]
[Annotator "ChessBase"]
[PlyCount "94"]
[EventDate "2021.03.27"]
[EventType "team-tourn"]
[EventCountry "NET"]
[SourceTitle "playchess.com"]
[Source "ChessBase"]
[SourceQuality "1"]
[TimeControl "900+5"]

1. d4 {[%emt 0:00:00]} Nf6 {[%emt 0:00:03]} 2. c4 {[%emt 0:00:02]} g6 {[%emt 0:00:01]} 3. Nc3 {[%emt 0:00:02]} Bg7 {[%emt 0:00:01]} 4. Nf3 {[%emt 0:00:01]} O-O {[%emt 0:00:02]} 5. Bg5 {[%emt 0:00:02]} h6 {[%emt 0:00:03]} 6. Bh4 {[%emt 0:00:02]} d6 {[%emt 0:00:02]} 7. e3 {[%emt 0:00:01]} c5 {[%emt 0:00:06]} 8. d5 {[%emt 0:00:04]} e5 {[%emt 0:00:19]} 9. dxe6 {[%emt 0:00:12]} Bxe6 {[%emt 0:00:02]} 10. Be2 {[%emt 0:00:03]} Nc6 {[%emt 0:00:03]} 11. O-O {[%emt 0:00:04]} Qb6 {[%emt 0:00:35]} 12. Rb1 {[%emt 0:00:20]} Rad8 {[%emt 0:00:24]} 13. Qb3 {[%emt 0:00:21]} Qxb3 {[%emt 0:00:23]} 14. axb3 {[%emt 0:00:03]} g5 {[%emt 0:00:02]} 15. Bg3 {[%emt 0:00:03]} d5 {[%emt 0:00:05]} 16. Rfd1 {[%emt 0:01:00]} d4 {[%emt 0:01:01]} 17. exd4 {[%emt 0:00:22]} cxd4 {[%emt 0:00:02]} 18. Nb5 {[%emt 0:00:05]} Ne4 {[%emt 0:00:01]} 19. Nc7 {[%emt 0:01:21]} Bf5 {[%emt 0:00:42]} 20. Bd3 {[%emt 0:00:44]} Nb4 {[%emt 0:00:20]} 21. Ne1 {[%emt 0:00:35]} Rd7 {[%emt 0:01:28]} 22. Nd5 {[%emt 0:01:33]} Nxd5 {[%emt 0:00:04]} 23. cxd5 {[%emt 0:00:02]} Rxd5 {[%emt 0:00:01]} 24. f3 {[%emt 0:00:06]} Nc5 {[%emt 0:00:05]} 25. Bxf5 {[%emt 0:00:17]} Rxf5 {[%emt 0:00:02]} 26. b4 {[%emt 0:00:03]} Na6 {[%emt 0:00:14]} 27. Nd3 {[%emt 0:00:04]} Rb5 {[%emt 0:00:01]} 28. Rbc1 {[%emt 0:00:22]} Rd8 {[%emt 0:00:10]} 29. Rc4 {[%emt 0:00:06]} Bf8 {[%emt 0:00:31]} 30. Be1 {[%emt 0:00:11]} Nb8 {[%emt 0:00:03]} 31. h4 {[%emt 0:00:37]} f6 {[%emt 0:00:05]} 32. hxg5 {[%emt 0:00:23]} hxg5 {[%emt 0:00:02]} 33. Nc5 {[%emt 0:01:15]} Bxc5 {[%emt 0:00:09]} 34. bxc5 {[%emt 0:00:04]} Nc6 {[%emt 0:00:10]} 35. b4 {[%emt 0:00:02]} Kf7 {[%emt 0:00:01]} 36. Ra1 {[%emt 0:01:00]} Ke6 {[%emt 0:00:08]} 37. Ra4 {[%emt 0:00:04]} Kd5 {[%emt 0:00:04]} 38. Rc1 {[%emt 0:00:02]} Re8 {[%emt 0:00:09]} 39. Kf2 {[%emt 0:00:06]} a6 {[%emt 0:00:04]} 40. Bd2 {[%emt 0:00:05]} Ne5 {[%emt 0:00:03]} 41. Rd1 {[%emt 0:00:46]} Nd3+ {[%emt 0:00:03]} 42. Kg3 {[%emt 0:00:11]} Nb2 {[%emt 0:00:01]} 43. Raa1 {[%emt 0:00:04]} Nxd1 {[%emt 0:00:05]} 44. Rxd1 {[%emt 0:00:01]} Kc4 {[%emt 0:00:10]} 45. Kf2 {[%emt 0:00:06]} a5 {[%emt 0:00:05]} 46. bxa5 {[%emt 0:00:11]} Kxc5 {[%emt 0:00:05]} 47. Rc1+ {[%emt 0:00:07]} Kd5 {[%emt 0:00:03]} 0-1

[Event "European Online Club-ch-H 2021"]
[Site "Online"]
[Date "2021.03.27"]
[Round "9.10"]
[White "Asadli, Vugar"]
[Black "Sabuk, Piotr"]
[Result "1-0"]
[WhiteElo "2572"]
[BlackElo "2366"]
[Annotator "ChessBase"]
[PlyCount "117"]
[EventDate "2021.03.27"]
[EventType "team-tourn"]
[EventCountry "NET"]
[SourceTitle "playchess.com"]
[Source "ChessBase"]
[SourceQuality "1"]
[TimeControl "900+5"]

1. e4 {[%emt 0:00:00]} e5 {[%emt 0:00:03]} 2. Nf3 {[%emt 0:00:05]} Nc6 {[%emt 0:00:01]} 3. Nc3 {[%emt 0:00:01]} Nf6 {[%emt 0:00:03]} 4. a3 {[%emt 0:00:02]} g6 {[%emt 0:00:02]} 5. Bc4 {[%emt 0:00:06]} Bg7 {[%emt 0:00:11]} 6. d3 {[%emt 0:00:01]} d6 {[%emt 0:00:19]} 7. h3 {[%emt 0:00:05]} Be6 {[%emt 0:00:24]} 8. Bxe6 {[%emt 0:00:10]} fxe6 {[%emt 0:00:02]} 9. O-O {[%emt 0:00:01]} Nh5 {[%emt 0:00:42]} 10. Ne2 {[%emt 0:00:06]} O-O {[%emt 0:00:05]} 11. c3 {[%emt 0:00:06]} Rxf3 {[%emt 0:00:52]} 12. gxf3 {[%emt 0:00:03]} Qh4 {[%emt 0:00:03]} 13. Kg2 {[%emt 0:00:05]} Rf8 {[%emt 0:00:06]} 14. Be3 {[%emt 0:00:20]} Nd8 {[%emt 0:00:48]} 15. d4 {[%emt 0:01:13]} Nf7 {[%emt 0:00:40]} 16. Qd2 {[%emt 0:00:03]} Bh6 {[%emt 0:04:00]} 17. Bxh6 {[%emt 0:01:26]} Nxh6 {[%emt 0:00:02]} 18. dxe5 {[%emt 0:00:02]} dxe5 {[%emt 0:00:51]} 19. Rg1 {[%emt 0:00:31]} Nf7 {[%emt 0:00:23]} 20. Rh1 {[%emt 0:01:16]} Ng5 {[%emt 0:00:25]} 21. Ng1 {[%emt 0:00:03]} Nf4+ {[%emt 0:00:48]} 22. Kf1 {[%emt 0:00:01]} Nf7 {[%emt 0:00:35]} 23. Rd1 {[%emt 0:00:08]} Nd6 {[%emt 0:01:07]} 24. Ne2 {[%emt 0:00:29]} Nxe4 {[%emt 0:00:51]} 25. Qe3 {[%emt 0:00:24]} Nxh3 {[%emt 0:01:53]} 26. Rh2 {[%emt 0:00:30]} Neg5 {[%emt 0:00:27]} 27. Qxe5 {[%emt 0:00:55]} Qa4 {[%emt 0:00:21]} 28. Re1 {[%emt 0:03:24]} Qa6 {[%emt 0:00:07]} 29. Rxh3 {[%emt 0:00:22]} Nxh3 {[%emt 0:00:05]} 30. Kg2 {[%emt 0:00:02]} Rf5 {[%emt 0:00:20]} 31. Qxc7 {[%emt 0:00:26]} Ng5 {[%emt 0:00:22]} 32. Nd4 {[%emt 0:00:07]} Rf8 {[%emt 0:00:09]} 33. Qe5 {[%emt 0:00:14]} h6 {[%emt 0:00:21]} 34. f4 {[%emt 0:00:14]} Nf7 {[%emt 0:00:02]} 35. Qf6 {[%emt 0:00:15]} Nh8 {[%emt 0:00:08]} 36. Qe5 {[%emt 0:00:19]} Nf7 {[%emt 0:00:15]} 37. Qxe6 {[%emt 0:00:02]} Qxe6 {[%emt 0:00:02]} 38. Rxe6 {[%emt 0:00:01]} g5 {[%emt 0:00:01]} 39. fxg5 {[%emt 0:00:10]} hxg5 {[%emt 0:00:02]} 40. Re7 {[%emt 0:00:01]} Nd6 {[%emt 0:00:01]} 41. Rd7 {[%emt 0:00:02]} Rf6 {[%emt 0:00:04]} 42. f3 {[%emt 0:00:01]} a5 {[%emt 0:00:05]} 43. a4 {[%emt 0:00:02]} b6 {[%emt 0:00:04]} 44. Kg3 {[%emt 0:00:04]} Nc4 {[%emt 0:00:04]} 45. b3 {[%emt 0:00:04]} Ne5 {[%emt 0:00:02]} 46. Rd5 {[%emt 0:00:01]} Nf7 {[%emt 0:00:04]} 47. Nf5 {[%emt 0:00:02]} Kh7 {[%emt 0:00:03]} 48. Kg4 {[%emt 0:00:04]} Kg6 {[%emt 0:00:12]} 49. Ne7+ {[%emt 0:00:02]} Kg7 {[%emt 0:00:01]} 50. Nf5+ {[%emt 0:00:02]} Kg6 {[%emt 0:00:02]} 51. Nd4 {[%emt 0:00:01]} Rf4+ {[%emt 0:00:18]} 52. Kg3 {[%emt 0:00:02]} Rf6 {[%emt 0:00:01]} 53. b4 {[%emt 0:00:01]} Nd6 {[%emt 0:00:06]} 54. bxa5 {[%emt 0:00:05]} bxa5 {[%emt 0:00:00]} 55. Rxa5 {[%emt 0:00:02]} Nc4 {[%emt 0:00:01]} 56. Rc5 {[%emt 0:00:03]} Ne3 {[%emt 0:00:02]} 57. Rc6 {[%emt 0:00:10]} Nf5+ {[%emt 0:00:07]} 58. Nxf5 {[%emt 0:00:03]} Rxc6 {[%emt 0:00:21]} 59. Ne7+ {[%emt 0:00:01]} 1-0

[Event "European Online Club-ch-H 2021"]
[Site "Online"]
[Date "2021.03.27"]
[Round "9.11"]
[White "Valuet, Bertrand"]
[Black "Suleymanli, Aydin"]
[Result "0-1"]
[WhiteElo "2217"]
[BlackElo "2512"]
[Annotator "ChessBase"]
[PlyCount "48"]
[EventDate "2021.03.27"]
[EventType "team-tourn"]
[EventCountry "NET"]
[SourceTitle "playchess.com"]
[Source "ChessBase"]
[SourceQuality "1"]
[TimeControl "900+5"]

1. e4 {[%emt 0:00:00]} c6 {[%emt 0:00:02]} 2. d4 {[%emt 0:00:04]} d5 {[%emt 0:00:01]} 3. Nc3 {[%emt 0:00:02]} dxe4 {[%emt 0:00:02]} 4. Nxe4 {[%emt 0:00:02]} Bf5 {[%emt 0:00:01]} 5. Bd3 {[%emt 0:00:02]} e6 {[%emt 0:00:14]} 6. Nf3 {[%emt 0:00:10]} Nd7 {[%emt 0:00:02]} 7. Bf4 {[%emt 0:00:33]} Ndf6 {[%emt 0:00:17]} 8. Nxf6+ {[%emt 0:00:22]} Nxf6 {[%emt 0:00:04]} 9. Bxf5 {[%emt 0:00:08]} Qa5+ {[%emt 0:00:02]} 10. Qd2 {[%emt 0:00:19]} Qxf5 {[%emt 0:00:03]} 11. Ne5 {[%emt 0:00:13]} Qe4+ {[%emt 0:00:25]} 12. Kf1 {[%emt 0:00:56]} Rd8 {[%emt 0:00:21]} 13. c3 {[%emt 0:00:31]} c5 {[%emt 0:00:29]} 14. Rd1 {[%emt 0:00:46]} cxd4 {[%emt 0:00:11]} 15. Re1 {[%emt 0:00:37]} Qd5 {[%emt 0:00:14]} 16. c4 {[%emt 0:00:03]} Qc5 {[%emt 0:00:04]} 17. a3 {[%emt 0:00:13]} a5 {[%emt 0:00:06]} 18. Qc2 {[%emt 0:02:14]} b5 {[%emt 0:00:25]} 19. b4 {[%emt 0:02:44]} axb4 {[%emt 0:00:11]} 20. axb4 {[%emt 0:00:03]} d3 {[%emt 0:01:41]} 21. Qa2 {[%emt 0:01:01]} Qd4 {[%emt 0:00:34]} 22. Bd2 {[%emt 0:00:48]} Ne4 {[%emt 0:00:10]} 23. Rxe4 {[%emt 0:00:45]} Qxe4 {[%emt 0:00:03]} 24. Bc3 {[%emt 0:00:44]} d2 {[%emt 0:00:04]} 0-1

[Event "European Online Club-ch-H 2021"]
[Site "Online"]
[Date "2021.03.27"]
[Round "9.12"]
[White "Sadikhov, Ulvi"]
[Black "Santamaria, Jorge"]
[Result "1-0"]
[WhiteElo "2490"]
[BlackElo "2185"]
[Annotator "ChessBase"]
[PlyCount "93"]
[EventDate "2021.03.27"]
[EventType "team-tourn"]
[EventCountry "NET"]
[SourceTitle "playchess.com"]
[Source "ChessBase"]
[SourceQuality "1"]
[TimeControl "900+5"]

1. e4 {[%emt 0:00:00]} d5 {[%emt 0:00:04]} 2. exd5 {[%emt 0:00:10]} Qxd5 {[%emt 0:00:04]} 3. Nc3 {[%emt 0:00:02]} Qd6 {[%emt 0:00:02]} 4. Nf3 {[%emt 0:00:04]} Nf6 {[%emt 0:00:04]} 5. d4 {[%emt 0:00:02]} c6 {[%emt 0:00:03]} 6. g3 {[%emt 0:00:02]} Bg4 {[%emt 0:00:09]} 7. Bg2 {[%emt 0:00:03]} e6 {[%emt 0:00:02]} 8. O-O {[%emt 0:00:03]} Be7 {[%emt 0:00:04]} 9. h3 {[%emt 0:00:07]} Bh5 {[%emt 0:00:03]} 10. Ne2 {[%emt 0:00:05]} O-O {[%emt 0:00:11]} 11. Nf4 {[%emt 0:00:02]} Bxf3 {[%emt 0:00:04]} 12. Bxf3 {[%emt 0:00:06]} Rd8 {[%emt 0:00:09]} 13. c3 {[%emt 0:00:03]} Qc7 {[%emt 0:00:37]} 14. Qe2 {[%emt 0:00:06]} Bd6 {[%emt 0:00:10]} 15. Nd3 {[%emt 0:00:47]} Nbd7 {[%emt 0:00:05]} 16. Re1 {[%emt 0:01:30]} a5 {[%emt 0:00:16]} 17. a4 {[%emt 0:00:18]} Re8 {[%emt 0:00:08]} 18. Be3 {[%emt 0:00:51]} Nd5 {[%emt 0:01:01]} 19. Bd2 {[%emt 0:00:18]} N5f6 {[%emt 0:00:39]} 20. Kg2 {[%emt 0:00:48]} Rad8 {[%emt 0:01:01]} 21. Rad1 {[%emt 0:00:15]} b6 {[%emt 0:01:18]} 22. g4 {[%emt 0:02:19]} Nd5 {[%emt 0:00:28]} 23. c4 {[%emt 0:00:08]} Nb4 {[%emt 0:00:22]} 24. Bxb4 {[%emt 0:00:24]} axb4 {[%emt 0:00:14]} 25. b3 {[%emt 0:00:02]} c5 {[%emt 0:00:18]} 26. d5 {[%emt 0:00:53]} Re7 {[%emt 0:00:32]} 27. Qd2 {[%emt 0:00:30]} Nf8 {[%emt 0:00:07]} 28. dxe6 {[%emt 0:01:25]} Nxe6 {[%emt 0:00:08]} 29. Bd5 {[%emt 0:00:17]} Nf4+ {[%emt 0:01:45]} 30. Nxf4 {[%emt 0:00:19]} Rxe1 {[%emt 0:00:05]} 31. Rxe1 {[%emt 0:01:00]} Bxf4 {[%emt 0:00:05]} 32. Qe2 {[%emt 0:00:17]} Bd6 {[%emt 0:00:37]} 33. Qe4 {[%emt 0:00:26]} g6 {[%emt 0:00:09]} 34. Re3 {[%emt 0:00:09]} Kf8 {[%emt 0:00:20]} 35. Rf3 {[%emt 0:00:42]} Rd7 {[%emt 0:00:05]} 36. Qe3 {[%emt 0:01:20]} Kg7 {[%emt 0:00:04]} 37. h4 {[%emt 0:00:09]} Be5 {[%emt 0:00:12]} 38. h5 {[%emt 0:00:06]} h6 {[%emt 0:00:12]} 39. hxg6 {[%emt 0:00:10]} fxg6 {[%emt 0:00:04]} 40. Rh3 {[%emt 0:00:09]} Bf4 {[%emt 0:00:21]} 41. Qe6 {[%emt 0:00:08]} Qd6 {[%emt 0:00:46]} 42. Qg8+ {[%emt 0:00:04]} Kf6 {[%emt 0:00:03]} 43. Rf3 {[%emt 0:00:19]} Kg5 {[%emt 0:00:14]} 44. Rd3 {[%emt 0:00:11]} Qf6 {[%emt 0:00:23]} 45. Rh3 {[%emt 0:00:32]} Re7 {[%emt 0:01:27]} 46. Rh5+ {[%emt 0:00:14]} Kxg4 {[%emt 0:00:08]} 47. Bf3# {[%emt 0:00:02]} 1-0

[Event "European Online Club-ch-H 2021"]
[Site "Online"]
[Date "2021.03.27"]
[Round "9.13"]
[White "Manik, Mikulas"]
[Black "Banusz, Tamas"]
[Result "1/2-1/2"]
[WhiteElo "2353"]
[BlackElo "2631"]
[Annotator "ChessBase"]
[PlyCount "110"]
[EventDate "2021.03.27"]
[EventType "team-tourn"]
[EventCountry "NET"]
[SourceTitle "playchess.com"]
[Source "ChessBase"]
[SourceQuality "1"]
[TimeControl "900+5"]

1. e4 {[%emt 0:00:00]} e5 {[%emt 0:00:03]} 2. Nf3 {[%emt 0:00:03]} Nc6 {[%emt 0:00:02]} 3. d4 {[%emt 0:00:01]} exd4 {[%emt 0:00:06]} 4. Nxd4 {[%emt 0:00:02]} Nf6 {[%emt 0:00:01]} 5. Nc3 {[%emt 0:00:02]} Bb4 {[%emt 0:00:08]} 6. Nxc6 {[%emt 0:00:03]} bxc6 {[%emt 0:00:01]} 7. Bd3 {[%emt 0:00:02]} d5 {[%emt 0:00:02]} 8. Bd2 {[%emt 0:00:03]} O-O {[%emt 0:00:10]} 9. O-O {[%emt 0:00:08]} Rb8 {[%emt 0:00:04]} 10. exd5 {[%emt 0:00:26]} cxd5 {[%emt 0:00:04]} 11. a3 {[%emt 0:00:59]} Bd6 {[%emt 0:01:34]} 12. Nb5 {[%emt 0:00:50]} Be5 {[%emt 0:00:41]} 13. Rb1 {[%emt 0:00:33]} Bd7 {[%emt 0:00:45]} 14. Nc3 {[%emt 0:01:20]} c5 {[%emt 0:00:12]} 15. Bg5 {[%emt 0:03:28]} c4 {[%emt 0:00:27]} 16. Be2 {[%emt 0:00:23]} Be6 {[%emt 0:00:05]} 17. Bf3 {[%emt 0:00:07]} d4 {[%emt 0:00:19]} 18. Ne4 {[%emt 0:00:07]} h6 {[%emt 0:00:12]} 19. Bh4 {[%emt 0:00:03]} g5 {[%emt 0:00:06]} 20. Bg3 {[%emt 0:00:06]} Bxg3 {[%emt 0:00:03]} 21. Nxf6+ {[%emt 0:01:02]} Qxf6 {[%emt 0:00:03]} 22. hxg3 {[%emt 0:00:05]} Rfd8 {[%emt 0:00:13]} 23. Bg4 {[%emt 0:00:04]} Bxg4 {[%emt 0:01:11]} 24. Qxg4 {[%emt 0:00:04]} d3 {[%emt 0:00:01]} 25. cxd3 {[%emt 0:00:05]} cxd3 {[%emt 0:00:03]} 26. b4 {[%emt 0:00:05]} d2 {[%emt 0:00:12]} 27. Rfd1 {[%emt 0:00:04]} Rd3 {[%emt 0:00:17]} 28. Qe2 {[%emt 0:00:04]} Rbd8 {[%emt 0:00:04]} 29. a4 {[%emt 0:00:10]} Qc3 {[%emt 0:00:51]} 30. b5 {[%emt 0:00:23]} R3d6 {[%emt 0:00:49]} 31. Kh2 {[%emt 0:01:05]} Re6 {[%emt 0:00:23]} 32. Qf3 {[%emt 0:00:07]} Qa5 {[%emt 0:00:36]} 33. Rb2 {[%emt 0:00:08]} Rd4 {[%emt 0:02:05]} 34. Qb3 {[%emt 0:00:25]} Red6 {[%emt 0:00:44]} 35. Rc2 {[%emt 0:00:35]} Rd8 {[%emt 0:00:18]} 36. Rc4 {[%emt 0:02:09]} Rd3 {[%emt 0:01:11]} 37. Qc2 {[%emt 0:00:04]} R3d4 {[%emt 0:01:41]} 38. Rc6 {[%emt 0:01:05]} Qxa4 {[%emt 0:00:16]} 39. Rxd2 {[%emt 0:00:03]} Qxc2 {[%emt 0:00:39]} 40. Rdxc2 {[%emt 0:00:04]} Kg7 {[%emt 0:00:19]} 41. Ra6 {[%emt 0:00:08]} R8d7 {[%emt 0:00:07]} 42. b6 {[%emt 0:00:14]} axb6 {[%emt 0:00:05]} 43. Rxb6 {[%emt 0:00:02]} R4d6 {[%emt 0:00:11]} 44. Rxd6 {[%emt 0:00:03]} Rxd6 {[%emt 0:00:02]} 45. g4 {[%emt 0:00:02]} Kg6 {[%emt 0:00:05]} 46. f3 {[%emt 0:00:04]} h5 {[%emt 0:00:03]} 47. gxh5+ {[%emt 0:00:06]} Kxh5 {[%emt 0:00:02]} 48. g4+ {[%emt 0:00:12]} Kh4 {[%emt 0:00:09]} 49. Kg2 {[%emt 0:00:06]} f6 {[%emt 0:00:04]} 50. Rb2 {[%emt 0:00:06]} Rc6 {[%emt 0:00:02]} 51. Rd2 {[%emt 0:00:06]} Ra6 {[%emt 0:00:02]} 52. Re2 {[%emt 0:00:04]} Rb6 {[%emt 0:00:03]} 53. Rd2 {[%emt 0:00:02]} Ra6 {[%emt 0:00:01]} 54. Re2 {[%emt 0:00:02]} Rb6 {[%emt 0:00:02]} 55. Rd2 {[%emt 0:00:02]} Ra6 {[%emt 0:00:01]} 1/2-1/2

[Event "European Online Club-ch-H 2021"]
[Site "Online"]
[Date "2021.03.27"]
[Round "9.14"]
[White "Braun, Arik"]
[Black "Danada, Tomas"]
[Result "1-0"]
[WhiteElo "2609"]
[BlackElo "2321"]
[Annotator "ChessBase"]
[PlyCount "99"]
[EventDate "2021.03.27"]
[EventType "team-tourn"]
[EventCountry "NET"]
[SourceTitle "playchess.com"]
[Source "ChessBase"]
[SourceQuality "1"]
[TimeControl "900+5"]

1. c4 {[%emt 0:00:00]} e5 {[%emt 0:00:03]} 2. Nc3 {[%emt 0:00:02]} Bb4 {[%emt 0:00:02]} 3. Qc2 {[%emt 0:00:05]} Nf6 {[%emt 0:00:12]} 4. e3 {[%emt 0:00:02]} O-O {[%emt 0:00:04]} 5. Nge2 {[%emt 0:00:02]} Re8 {[%emt 0:00:03]} 6. a3 {[%emt 0:00:03]} Bf8 {[%emt 0:00:04]} 7. d3 {[%emt 0:00:13]} c6 {[%emt 0:00:13]} 8. d4 {[%emt 0:00:12]} d5 {[%emt 0:00:36]} 9. dxe5 {[%emt 0:01:18]} Rxe5 {[%emt 0:00:03]} 10. cxd5 {[%emt 0:00:01]} cxd5 {[%emt 0:00:39]} 11. Nd4 {[%emt 0:00:32]} Nc6 {[%emt 0:00:03]} 12. Be2 {[%emt 0:00:13]} Qb6 {[%emt 0:01:23]} 13. Nxc6 {[%emt 0:00:32]} bxc6 {[%emt 0:00:04]} 14. O-O {[%emt 0:00:02]} Bf5 {[%emt 0:00:14]} 15. Bd3 {[%emt 0:00:04]} Bxd3 {[%emt 0:00:12]} 16. Qxd3 {[%emt 0:00:01]} Rae8 {[%emt 0:00:40]} 17. b4 {[%emt 0:00:18]} a5 {[%emt 0:01:01]} 18. b5 {[%emt 0:01:11]} c5 {[%emt 0:00:27]} 19. Bb2 {[%emt 0:00:27]} Rh5 {[%emt 0:01:05]} 20. Ne2 {[%emt 0:01:11]} Bd6 {[%emt 0:01:02]} 21. h3 {[%emt 0:00:45]} Ne4 {[%emt 0:01:11]} 22. a4 {[%emt 0:00:59]} Re6 {[%emt 0:00:34]} 23. Nf4 {[%emt 0:00:56]} Bxf4 {[%emt 0:00:05]} 24. exf4 {[%emt 0:00:02]} Rg6 {[%emt 0:00:55]} 25. Rad1 {[%emt 0:01:06]} Qe6 {[%emt 0:01:44]} 26. Rfe1 {[%emt 0:01:09]} h6 {[%emt 0:00:46]} 27. Re3 {[%emt 0:00:55]} Qf5 {[%emt 0:00:33]} 28. Rf3 {[%emt 0:00:07]} d4 {[%emt 0:02:00]} 29. Re1 {[%emt 0:01:36]} Nd6 {[%emt 0:00:46]} 30. Bc1 {[%emt 0:00:16]} Qxd3 {[%emt 0:00:19]} 31. Rxd3 {[%emt 0:00:03]} Re6 {[%emt 0:00:22]} 32. Kf1 {[%emt 0:00:48]} Rd5 {[%emt 0:00:05]} 33. Rb3 {[%emt 0:00:56]} c4 {[%emt 0:00:04]} 34. Rb1 {[%emt 0:00:01]} c3 {[%emt 0:00:09]} 35. Rb3 {[%emt 0:00:07]} Nc4 {[%emt 0:00:05]} 36. Rd1 {[%emt 0:00:11]} c2 {[%emt 0:00:05]} 37. Rdd3 {[%emt 0:00:06]} Re4 {[%emt 0:00:05]} 38. b6 {[%emt 0:00:06]} Rd8 {[%emt 0:00:02]} 39. b7 {[%emt 0:00:09]} Rb8 {[%emt 0:00:01]} 40. f5 {[%emt 0:00:08]} Re7 {[%emt 0:00:04]} 41. Rxd4 {[%emt 0:00:02]} Ne5 {[%emt 0:00:14]} 42. Rc3 {[%emt 0:00:56]} Rexb7 {[%emt 0:00:02]} 43. Rxc2 {[%emt 0:00:02]} Rb1 {[%emt 0:00:03]} 44. Ke2 {[%emt 0:00:03]} R8b4 {[%emt 0:00:05]} 45. Rd8+ {[%emt 0:00:05]} Kh7 {[%emt 0:00:02]} 46. Rcc8 {[%emt 0:00:03]} g6 {[%emt 0:00:10]} 47. f6 {[%emt 0:00:05]} g5 {[%emt 0:00:05]} 48. Rg8 {[%emt 0:00:10]} Re4+ {[%emt 0:00:08]} 49. Be3 {[%emt 0:00:02]} Rb2+ {[%emt 0:00:02]} 50. Kd1 {[%emt 0:00:11]} 1-0